Data structures and algorithms in c++/ (Record no. 10167)
[ view plain ]
| 000 -LEADER | |
|---|---|
| fixed length control field | 00711nam a22002655a 4500 |
| 001 - CONTROL NUMBER | |
| control field | 13477231 |
| 005 - DATE AND TIME OF LATEST TRANSACTION | |
| control field | 20201124142004.0 |
| 008 - FIXED-LENGTH DATA ELEMENTS--GENERAL INFORMATION | |
| fixed length control field | 040202s2004 mau 000 0 eng |
| 010 ## - LIBRARY OF CONGRESS CONTROL NUMBER | |
| LC control number | 2004101388 |
| 020 ## - INTERNATIONAL STANDARD BOOK NUMBER | |
| International Standard Book Number | 0534491820 |
| 035 ## - SYSTEM CONTROL NUMBER | |
| System control number | (DLC) 2004101388 |
| 040 ## - CATALOGING SOURCE | |
| Original cataloging agency | DLC |
| Transcribing agency | DLC |
| 042 ## - AUTHENTICATION CODE | |
| Authentication code | pcc |
| 082 ## - DEWEY DECIMAL CLASSIFICATION NUMBER | |
| Edition number | 22 |
| Classification number | 005.133 |
| Item number | DRO |
| 100 1# - MAIN ENTRY--PERSONAL NAME | |
| Personal name | Drozdek, Adam. |
| 9 (RLIN) | 8424 |
| 245 10 - TITLE STATEMENT | |
| Title | Data structures and algorithms in c++/ |
| Statement of responsibility, etc | Adam Drozdek. |
| 250 ## - EDITION STATEMENT | |
| Edition statement | 3rd ed. |
| 260 ## - PUBLICATION, DISTRIBUTION, ETC. (IMPRINT) | |
| Place of publication, distribution, etc | Boston, MA : |
| Name of publisher, distributor, etc | Course Technology, |
| Date of publication, distribution, etc | c.2004. |
| 263 ## - PROJECTED PUBLICATION DATE | |
| Projected publication date | 0410 |
| 300 ## - PHYSICAL DESCRIPTION | |
| Extent | 758p |
| Dimensions | 23cm. |
| 500 ## - GENERAL NOTE | |
| General note | Distributer: Baccah. |
| 906 ## - LOCAL DATA ELEMENT F, LDF (RLIN) | |
| b | ibc |
| c | orignew |
| d | 2 |
| e | epcn |
| f | 20 |
| g | y-gencatlg |
| 942 ## - ADDED ENTRY ELEMENTS (KOHA) | |
| Source of classification or shelving scheme | Dewey Decimal Classification |
| Item type | Book - Borrowing |
| Withdrawn status | Item status | Source of classification or shelving scheme | Damaged status | Not for loan | Home library | Current library | Shelving location | Date acquired | Source of acquisition | Cost, normal purchase price | Total Checkouts | Total Renewals | Full call number | Barcode | Date last seen | Date last borrowed | Cost, replacement price | Koha item type | Vendor | Checked out |
|---|---|---|---|---|---|---|---|---|---|---|---|---|---|---|---|---|---|---|---|---|
| Dewey Decimal Classification | Central Library | Central Library | Lower Floor | 10/09/2008 | Purchase | 150.00 | 4 | 18 | 005.133 DRO | 000013896 | 15/07/2025 | 07/11/2012 | 187.50 | Book - Borrowing | ||||||
| Dewey Decimal Classification | Central Library | Central Library | Lower Floor | 10/09/2008 | Purchase | 150.00 | 005.133 DRO | 000013895 | 15/07/2025 | 187.50 | NB - Book (Non borrowing) | |||||||||
| Dewey Decimal Classification | Central Library | Central Library | Lower Floor | 21/10/2008 | 150.00 | 2 | 16 | 005.133 DRO | 000014086 | 15/07/2025 | 04/04/2016 | 187.50 | Book - Borrowing | |||||||
| Dewey Decimal Classification | Central Library | Central Library | Lower Floor | 21/10/2008 | Purchase | 150.00 | 5 | 14 | 005.133 DRO | 000014085 | 15/07/2025 | 11/04/2019 | 187.50 | Book - Borrowing | ||||||
| Dewey Decimal Classification | Central Library | Central Library | Lower Floor | 21/10/2008 | Purchase | 150.00 | 3 | 15 | 005.133 DRO | 000014084 | 15/07/2025 | 29/05/2021 | 187.50 | Book - Borrowing | ||||||
| Dewey Decimal Classification | Central Library | Central Library | Lower Floor | 21/10/2008 | Purchase | 150.00 | 2 | 15 | 005.133 DRO | 000014083 | 15/07/2025 | 29/01/2022 | 187.50 | Book - Borrowing | ||||||
| Dewey Decimal Classification | Central Library | Central Library | Lower Floor | 21/10/2008 | Purchase | 150.00 | 8 | 69 | 005.133 DRO | 000014082 | 25/03/2025 | 25/03/2025 | 187.50 | Book - Borrowing | 17/05/2025 | |||||
| Dewey Decimal Classification | Central Library | Central Library | Lower Floor | 21/10/2008 | Purchase | 150.00 | 3 | 9 | 005.133 DRO | 000015011 | 15/07/2025 | 30/08/2016 | 187.50 | Book - Borrowing | ||||||
| Dewey Decimal Classification | Central Library | Central Library | Lower Floor | 21/10/2008 | Purchase | 150.00 | 3 | 12 | 005.133 DRO | 000014080 | 15/07/2025 | 16/10/2018 | 187.50 | Book - Borrowing |